000 00457nam a22001817a 4500
005 20250630101558.0
008 250630b |||||||| |||| 00| 0 eng d
020 _a9780755324170
_qpbk
041 _aeng
082 _a823.92 PUR
100 _aPurcell Deirdre
245 _aTell Me Your Secret
_c/ Deirdre Purcell
250 _a1st ed
260 _aLondon
_bHeadline
_c2006
300 _a474p. ;
_c20cm.
650 _aEnglish Fiction
942 _cENGLISH
999 _c574288
_d574288